Les 10 pays les plus traduits sur Wikipédia - Statistiques

Statistiques générales
  • Ce quiz a été pris 64 fois
    13 depuis la dernière actualisation
  • Le résultat moyen est 7 sur 10
Statistiques - réponses
Nombre de langues Pays % Correct
310 Chine
100%
309 France
100%
321 États-Unis
89%
316 Italie
89%
324 Japon
78%
321 Russie
78%
312 Australie
67%
317 Mexique
67%
331 Turquie
56%
318 Finlande
22%
Aucun quiz correspondant
Distribution des résultats
% des personnes avec chaque résultat
Percentile par nombre de réponses
Votre historique - résultats
Vous n’avez pas pris ce quiz depuis la dernière actualisation